01041 2200229 4500001002100000005001500021035002000036007000300056008004100059020002200100082001200122084001800134100003900152245007100191250000600262260003600268300004500304650004600349700002400395520037500419990001700794INLIS00000000000080120260520081737 a0010-0523000343ta260520 j 0 ind  a978-602-8798-55-6 a297.911 a297.911 HER m0 aHertanto Setia Darma ( Pengarang )1 aMuhammad :bMasa Remaja /cHertanto Setia Darma ; editor ,Ratna SN a- aJakarta :bPustaka Lebah,c2014 a40 :bilus. ;gambar berwarna ;c28 cme- 4aIslam - Sejarah - Zaman Nabi Muhammad SAW0 aRatna SN ( Editor ) aMuhammad muda menggembalakan domba saat remaja. Kebiasaan itu melatih kemandirian dalam dirinya. Jiwa sosial Nabi juga terasah ketika terlibat Perang Fijar dan Hilfal Fudhul. Selain itu, tanda-tanda kenabian telah terlihat oleh pendeta Buhaira saat Muhammad muda bersama kafilah Abu Thalib memasuki Busra. Tanda-tanda itu sesuai dengan tanda-tanda dalam kitab-kitab suci a00008/R/2014